Citología general / (Registro nro. 10447)

Detalles MARC
000 -LIDER
fixed length control field 00790nam a2200253 4500
003 - IDENTIFICACDOR DE NÚMERO DE CONTROL
control field DO-SdBNP
005 - DATE AND TIME OF LATEST TRANSACTION
control field 20180118131244.0
008 - ELEMENTOS DE LONGITUD FIJA
fixed length control field 160620b xxu||||| |||| 00| 0 spa d
040 ## - FUENTE DE CATALOGACIÓN
Agencia que crea de manera original el registro BPMSU
Idioma de catalogación spa
Agencia que realiza la transcripción BPMSU
082 ## - NÚMERO DE CLASIFICACIÓN DECIMAL DE DEWEY
Classification number 574.87
100 ## - ASIENTO PRINCIPAL -- NOMBRE PERSONAL
Nombre personal Robertis, Eduardo D. P. de,.
245 ## - MENCIÓN DE TITULO
Título Citología general /
Mención de responsabilidad por E. D. P. de Robertis ; W. W. Nowinski y F. A. Sáez.
250 ## - MENCIÓN DE EDICION
Mención de edición 4a. ed.
260 ## - PUBLICACIÓN, DISTRIBUCIÓN, ETC. (PIE DE IMPRENTA)
Lugar de publicación, distribución, etc Buenos Aires :
Nombre del editor, distribuidor, etc. El Ateneo,
Fecha de publicación, distribución, etc 1960
300 ## - DESCRIPCIÓN FÍSICA
Extensión xiv, 604 p. :
Otros detalles físicos il., diagrs.
Dimensiones ; 23 cm.
504 ## - NOTA DE BIBLIOGRAFÍA, ETC.
Bibliography, etc Bibliografía al final de cada capítulo.
650 ## - ENCABEZAMIENTO DE MATERIA--TEMÁTICO
Término temático o nombre geográfico como elemento de entrada CÉLULAS
650 ## - ENCABEZAMIENTO DE MATERIA--TEMÁTICO
Término temático o nombre geográfico como elemento de entrada CITOLOGÍA
700 ## - ASIENTO SECUNDARIO -- NOMBRE PERSONAL
Nombre personal Nowinski, Wiktor W.
700 ## - ASIENTO SECUNDARIO -- NOMBRE PERSONAL
Nombre personal Sáez, Francisco A.
942 ## - ADDED ENTRY ELEMENTS (KOHA)
Source of classification or shelving scheme Dewey Decimal Classification
Koha item type Libros
945 ## - INFORMACIÓN DE PROCESAMIENTO LOCAL
Información de procesamiento local inventariado, 2018 / dg
956 ## - LOCAL ELECTRONIC LOCATION AND ACCESS (OCLC)
Nombre de host VMATEO
Número de acceso 10
Información de compresión 20160620
Trayectoria BPMSU
Nombre Electrónico 00069
Existencias
Withdrawn status Lost status Source of classification or shelving scheme Damaged status Not for loan Home library Current library Date acquired Total Checkouts Full call number Barcode Date last seen Price effective from Koha item type
    Dewey Decimal Classification     Biblioteca Pública Metropolitana Salomé Ureña Biblioteca Pública Metropolitana Salomé Ureña 06/20/2016   574.87 BPMSU16060255 06/20/2016 06/20/2016 Libros